Estatísticas para Top 15 cidades mais populosas do Brasil

Clique aqui para jogar o quiz

Estatísticas Gerais

  • Esse quiz foi jogado 47 vezes
  • A pontuação média é 14 de 15

Estatísticas das Respostas

HintResposta% Correto
Top 2(RJ)Rio de Janeiro
100%
Top 1(SP)São Paulo
100%
Top 6(MG)Belo horizonte
98%
Top 3(DF)Brasília
98%
Top 8(PR)Curitiba
98%
Top 4(CE)Fortaleza
98%
Top 10(GO)Goiania
98%
Top 7(AM)Manaus
98%
Top 11(RS)Porto alegre
98%
Top 5(BA)Salvador
98%
Top 9(PE)Recife
95%
Top 12(PA)Bélem
90%
Top 15(MA)Sao luis
90%
Top 14(SP)Campinas
85%
Top 13(SP)Guarulhos
85%

Distribuição das Pontuações

Percentil de Números Respondidos

Porcentagem de Pessoas com Cada Pontuação

Sua Pontuação Histórica

Você não jogou esse quiz